La mala hora / (Registro nro. 1007)
[ vista simple ]
| 000 -LEADER | |
|---|---|
| fixed length control field | 01717nam a22002417a 4500 |
| 003 - CONTROL NUMBER IDENTIFIER | |
| control field | AR-RoUNCS |
| 005 - DATE AND TIME OF LATEST TRANSACTION | |
| control field | 20260511145404.0 |
| 007 - PHYSICAL DESCRIPTION FIXED FIELD--GENERAL INFORMATION | |
| fixed length control field | ta |
| 008 - FIXED-LENGTH DATA ELEMENTS--GENERAL INFORMATION | |
| fixed length control field | 260511s1981 sp |||||r|||| 00| 1 spa d |
| 020 ## - INTERNATIONAL STANDARD BOOK NUMBER | |
| International Standard Book Number | 8402081487 |
| 040 ## - CATALOGING SOURCE | |
| Original cataloging agency | AR-RoUNCS |
| Language of cataloging | spa |
| Transcribing agency | AR-RoUNCS |
| 041 ## - LANGUAGE CODE | |
| Language code of text/sound track or separate title | spa |
| 100 1# - MAIN ENTRY--PERSONAL NAME | |
| Personal name | García Márquez, Gabriel, |
| Dates associated with a name | 1927-2014 |
| Relator term | autor |
| 245 13 - TITLE STATEMENT | |
| Title | La mala hora / |
| Statement of responsibility, etc. | Gabriel García Márquez. |
| 250 ## - EDITION STATEMENT | |
| Edition statement | 1a ed. |
| 260 ## - PUBLICATION, DISTRIBUTION, ETC. | |
| Place of publication, distribution, etc. | Barcelona : |
| Name of publisher, distributor, etc. | Bruguera, |
| Date of publication, distribution, etc. | 1981. |
| 300 ## - PHYSICAL DESCRIPTION | |
| Extent | 216 p. ; |
| Dimensions | 18 cm. |
| 490 0# - SERIES STATEMENT | |
| Series statement | Colección de Literatura Universal Bruguera ; |
| Volume/sequential designation | 82 |
| 520 ## - SUMMARY, ETC. | |
| Summary, etc. | En La mala hora, Gabriel García Márquez construye un inolvidable apólogo sobre la violencia colectiva. Al pueblo ha llegado "la mala hora" de los campesinos, la hora de la desgracia. La comarca ha sido "pacificada" después de una guerra civil. Han ganado los conservadores, que se dedican a perseguir cruel y pertinazmente a sus adversarios liberales. Al alba, mientras el padre Ángel se dispone a celebrar la misa, suena un disparo en el pueblo. Un comerciante de ganado, advertido por un pasquín pegado a la puerta de su casa de la infidelidad de su mujer, acaba de matar al presunto amante de ésta. Es uno de los pasquines anónimos clavados en las puertas de las casas, que no son panfletos políticos, sino simples denuncias sobre la vida privada de los ciudadanos. Pero no revelan nada que no se supiera de antemano: son los viejos rumores que ahora se han hecho públicos; y a partir de ellos estalla la violencia subyacente a la luz tórrida, espesa, cansada y pegajosa, en una serie de escenas encadenadas de inolvidable belleza. |
| 650 #7 - SUBJECT ADDED ENTRY--TOPICAL TERM | |
| Source of heading or term | embne |
| Topical term or geographic name entry element | Literatura colombiana |
| 655 #7 - INDEX TERM--GENRE/FORM | |
| Source of term | embne |
| Genre/form data or focus term | Novelas |
| 942 ## - ADDED ENTRY ELEMENTS (KOHA) | |
| Source of classification or shelving scheme | Universal Decimal Classification |
| Koha item type | Obra General |
| Suppress in OPAC | No |
| Withdrawn status | Lost status | Source of classification or shelving scheme | Damaged status | Not for loan | Collection | Home library | Current library | Date acquired | Source of acquisition | Total checkouts | Full call number | Barcode | Date last seen | Price effective from | Koha item type |
|---|---|---|---|---|---|---|---|---|---|---|---|---|---|---|---|
| Dewey Decimal Classification | Colección General | Biblioteca Escuela de Ciencias Sociales | Biblioteca Escuela de Ciencias Sociales | 11/05/2026 | Donación 2026 | 82-31(862) G216 | 000965 | 11/05/2026 | 11/05/2026 | Obra General |